Normal view MARC view
  • Ahmad, Zaheer

Entry Personal Name

Number of records used in: 2

001 - CONTROL NUMBER

  • control field: 122976

003 - CONTROL NUMBER IDENTIFIER

  • control field: NUST

005 - DATE AND TIME OF LATEST TRANSACTION

  • control field: 20240528120039.0

008 - FIXED-LENGTH DATA ELEMENTS

  • fixed length control field: 240528|| aca||aabn | a|a d

040 ## - CATALOGING SOURCE

  • Original cataloging agency: NUST
  • Transcribing agency: NUST

100 ## - HEADING--PERSONAL NAME

  • Personal name: Ahmad, Zaheer

670 ## - SOURCE DATA FOUND

  • Source citation: Work cat.: (NUST)609330: Ahmad, Zaheer, International Study Tour Report (University of Southampton, Malaysia)
© 2023 Central Library, National University of Sciences and Technology. All Rights Reserved.